000 00584nam a22001937a 4500
005 20251108171814.0
008 250721s1994 xx 000 0 ara d
082 1 4 _a410/سلي
100 1 _aسليمان، نايف
245 1 0 _aالجامع في اللغة العربية :
_bالثقافة العامة /
250 _aط3
264 1 _aعمان :
_bدار صفاء للنشر و التوزيع،
_c1994.
300 _a190ص
650 1 7 _aاللغة العربية
700 1 _aجابر، عادل
700 1 _aفلاح، خالد
942 _2ddc
_cBK
999 _c62994
_d62994